00297 a2200109 4500001000700000020000600007040001100013100001300024240007300037245006800110362000900178170636 a  cMagnum aSagarana10aTurismo e cultura em minas gerais: circuito das serras e grutaslpor10aTurismo e cultura em minas gerais: circuito das serras e grutas0 a1899